Systems thinking basics: from concepts to causal loops

Wedi'i Gadw mewn:
Manylion Llyfryddiaeth
Prif Awduron: Anderson, Virginia (Awdur), Johnson, Lauren (Awdur)
Fformat: Llyfr
Iaith:Saesneg
Cyhoeddwyd: Waltham Pegasus Communications 1997
Cyfres:The Pegasus Workbook Series Systems Thinking Tools
Pynciau:
Tagiau: Ychwanegu Tag
Dim Tagiau, Byddwch y cyntaf i dagio'r cofnod hwn!

MARC

LEADER 00000nam a2200000 a 4500
001 UCI7614
003 CL-VaPUC
008 080718e19970000US |||||||||||||||||eng|d
020 |a 1883823129 
082 0 4 |a 658.4032  |b AND  |2 21 
100 0 |a Anderson, Virginia  |e author  |9 530888 
700 0 |a Johnson, Lauren  |e author  |9 530889 
245 1 0 |a Systems thinking basics: from concepts to causal loops 
300 |a 132 p 
942 |c BK 
945 |d 20080718 00:00:00  |a rbrito 
260 |a Waltham  |b Pegasus Communications  |c 1997 
650 0 |a Análisis de sistemas   |9 260059 
650 0 |a Toma de decisiones   |9 257530 
650 0 |a Gestión administrativa  |9 375217 
583 |a last modification  |c 20080718 00:00:00  |k Rodrigo Vera 
490 0 |a The Pegasus Workbook Series Systems Thinking Tools 
999 |c 330833  |d 330831 
952 |0 0  |1 0  |4 0  |6 658_403200000000000_AND_1997  |7 0  |8 A  |9 416718  |a BIBING  |b BIBING  |d 2019-11-22  |i 4456866  |o 658.4032 AND 1997  |p 4456866  |r 2025-01-20  |w 2019-11-22  |y BK  |k EII